LEADER 00863nam a2200229 i 4500 001 000000141994 003 CaOOAMICUS 005 20120120000000.0 008 120120s1972 it u000 u ita u 013 $a116838 040 $aSeMil$bita 100 1 $aPellegrini, Carlo.$0(OLS)http://semarc/name/6576 245 10$aStoria della letteratura francese /$cCarlo Pellegrini. 250 $a13. ed. 260 $aMilano ; Messina :$bG. Principato,$c1972. 300 $a649 p. ;$c22 cm. 650 4$aLetteratura francese - Storia.$0(OLS)http://semarc/subject/555 850 $aSeMil 852 $aSeMil$W1$xVenegono$y1$m1U III 70$j95190$B95190$CSeMilBibl$Z2$F172903 $81 961 $aRecupero: Altro 996 $6245$aStoria della letteratura francese$9(OLS)http://semarc/title/2517 996 $6260$aMilano ; Messina :$bG. Principato$9(OLS)http://semarc/publisher/30300 LEADER 01055nam a2200253 i 4500 001 000000156049 003 CaOOAMICUS 005 20061215000000.0 008 061215s1979 it u000 u mul u 013 $a133403 040 $aSeMil$bita 100 1 $aWordsworth, William.$0(OLS)http://semarc/name/52117 245 10$aBallate liriche /$cWilliam Wordsworth ; Samuel Coleridge ; traduzione di Franco Marucci ; introduzione e note di Attilio Brilli. 260 $aMilano :$bArnoldo Mondadori Editore,$c1979. 300 $a298 p. ;$c19 cm. 500 $aTesto inglese a fronte. - Fondo Ciprandi. 700 1 $aBrilli, Attilio,$d<1936- >.$0(OLS)http://semarc/name/31092 700 1 $aMarucci, Franco.$0(OLS)http://semarc/name/61005 850 $aSeMil 852 $aSeMil$W1$xVenegono$y1$m1U II 34$j107851$B107851$CSeMilBibl$Z2$F118173 $81 941 1 $a1 961 $aOmaggio: Ciprandi dott. Paolo 996 $6245$aBallate liriche$9(OLS)http://semarc/title/228664 996 $6260$aMilano :$bArnoldo Mondadori Editore$9(OLS)http://semarc/publisher/30056